Tibaning katresnan / (Record no. 85714)

MARC details
000 -LEADER
fixed length control field 00588cam a22002051a 4500
001 - CONTROL NUMBER
control field sa 68014344
003 - CONTROL NUMBER IDENTIFIER
control field DLC
005 - DATE AND TIME OF LATEST TRANSACTION
control field 20260227112630.0
008 - FIXED-LENGTH DATA ELEMENTS--GENERAL INFORMATION
fixed length control field 940329s1966 io 000 1 jav
010 ## - LIBRARY OF CONGRESS CONTROL NUMBER
LC control number sa 68014344
025 ## - OVERSEAS ACQUISITION NUMBER
Overseas acquisition number PL480:Indo-4870
035 ## - SYSTEM CONTROL NUMBER
System control number (OCoLC)30051284
040 ## - CATALOGING SOURCE
Original cataloging agency DLC
Transcribing agency CU
Modifying agency WU
-- DLC
042 ## - AUTHENTICATION CODE
Authentication code premarc
050 00 - LIBRARY OF CONGRESS CALL NUMBER
Classification number PL5179.H325
Item number T5
100 0# - MAIN ENTRY--PERSONAL NAME
Personal name Harjana H. P.
Fuller form of name (Harjana Hadipranata),
Dates associated with a name 1939-
245 10 - TITLE STATEMENT
Title Tibaning katresnan /
Statement of responsibility, etc. karangané Hardjana HP; Gambar: I.M.B. Sumantri.
260 ## - PUBLICATION, DISTRIBUTION, ETC.
Place of publication, distribution, etc. Sala :
Name of publisher, distributor, etc. "Mutiara Press,"
Date of publication, distribution, etc. 1966.
300 ## - PHYSICAL DESCRIPTION
Extent 74 p. ;
Dimensions 15 cm.

No items available.

Powered by Koha